000 00797cam2a220019300 4500
005 20190819094431.0
008 000306
010 _a9630116
020 _a0930664167
035 _a(Sirsi) a142366
050 0 _aDQ208
_bBli 1996
100 1 _aBlickpunkt, Schweiz. English
_6A112388.1
245 1 0 _aThe new Switzerland :
_bproblems and policies /
_cedited by Rolf Kieser and Kurt R. Spillmann;with the assistance of Thomas Koppel.
260 _aCalifornia :
_bSociety for promotion of Science and Scholarship,Inc.,
_c1996.
350 _a25
650 0 _aSwitzerland -- History -- 20th century
_xSwitzerland -- History -- 20th century
_xSwitzerland -- History -- 20th century
_6S85402.1
700 0 0 _aKeiser, Rolf
_6A112391.1
700 0 0 _aSpillmann, Kurt R.
_6A112392.1
999 _c99356
_d99356